Geografía de América
Na minha lista:
| Main Authors: | , |
|---|---|
| Formato: | Livro |
| Idioma: | espanhol |
| Publicado em: |
Buenos Aires
Troquel
1995
|
| Assuntos: | |
| Tags: |
Adicionar Tag
Sem tags, seja o primeiro a adicionar uma tag!
|
MARC
| LEADER | 00000nam a2200000 a 4500 | ||
|---|---|---|---|
| 001 | UCS2388 | ||
| 003 | CL-VaPUC | ||
| 008 | 970523e19950000AG |||||||||||||||||spa|d | ||
| 082 | 0 | 4 | |a 372.83 |b PAS |2 21 |
| 100 | |a Paso Viola, Luis Fernando |e autor |9 387786 | ||
| 700 | 0 | |a Durán, Diana |e author |9 387761 | |
| 245 | 1 | 0 | |a Geografía de América |
| 300 | |a 191 p | ||
| 942 | |c BK | ||
| 945 | |d 19970523 00:00:00 |a rleighto | ||
| 260 | |a Buenos Aires |b Troquel |c 1995 | ||
| 650 | 0 | |a Geografía de la población |9 387762 | |
| 650 | 0 | |a Geografía urbana |9 267904 | |
| 650 | 7 | |a GEOGRAFIA AGRARIA |2 CL-VaPUC |9 387763 | |
| 650 | 0 | |a Geografía política |9 268296 | |
| 650 | 0 | |a Geografía económica |9 267757 | |
| 650 | 0 | |a Problemas ambientales |9 381509 | |
| 650 | 0 | |a Población |9 257577 | |
| 650 | 0 | |a Pobreza |9 258652 | |
| 650 | 7 | |a DESARROLLO |2 CL-VaPUC |9 258144 | |
| 650 | 7 | |a SUBDESARROLLO |2 CL-VaPUC |9 337696 | |
| 650 | 0 | |a Recursos naturales |9 255232 | |
| 651 | 0 | |a América |9 255182 | |
| 583 | |a last modification |c 19970523 00:00:00 |k Rodrigo Vera | ||
| 999 | |c 260349 |d 260347 | ||
| 952 | |0 0 |1 0 |4 0 |6 372_830000000000000_PAS_1995 |7 0 |8 A |9 286379 |a BIBHIS |b BIBHIS |d 2019-11-19 |i 3310698 |o 372.83 PAS 1995 |p 3310698 |r 2025-01-20 |w 2019-11-19 |y BK |k HIS | ||